000 00385nam a2200169Ia 4500
001 24937
003 IN-NITTTR
005 20251114233318.0
008 251113s9999||||xx |||||||||||||| ||eng||
040 _beng
040 _cIN-NITTTR
041 _aeng
082 _a891.431 P11P
100 _aPankaj, Vinod
245 0 _aPrashnon ke jungle mein. /
_cPankaj, Vinod
942 _2ddc
_cBK
999 _c27566
_d27566